000 00692nam a2200145Ia 4500
008 171212s9999 xx 000 0 und d
020 _a9781921862892
100 _aEdwards, Meredith;Halligan, John;Horrigan, Bryan;Nicoll, Geoffrey
245 _cEdwards, Meredith;Halligan, John;Horrigan, Bryan;Nicoll, Geoffrey
_aPublic Sector Governance in Australia
260 _bANU E Press
_c2012
440 _aAustralia and New Zealand School of Government (ANZSOG)
650 _aPolitical Science
650 _aPublic administration -- Australia -- Decision making; Intergovernmental cooperation -- Australia; Australia -- Politics and government
856 _uwww.jstor.org/stable/10.2307/j.ctt24h92b
999 _c351281
_d351281